Обнинский полис. Вып. 4 (Запись № 1072168)

Подробности
000 -МАРКЕР
контрольное поле 02156nam2a2200277 4500
001 - ИДЕНТИФИКАТОР ЗАПИСИ
контрольное поле RU\NLR\bibl\1096186
005 - ИДЕНТИФИКАТОР ВЕРСИИ
контрольное поле 20260407192854.0
010 ## - МЕЖДУНАРОДНЫЙ СТАНДАРТНЫЙ НОМЕР КНИГИ (ISBN)
Номер (ISBN) 978-5-7111-0411-7
Тираж 1000
021 ## - НОМЕР ГОСУДАРСТВЕННОЙ РЕГИСТРАЦИИ
Код страны Российская Федерация
Номер 2007-30483
Номер Листа государственной регистраци 1618
035 ## - ДРУГИЕ СИСТЕМНЫЕ НОМЕРА
Идентификатор записи (NLR Aleph) 001083299
100 ## - ДАННЫЕ ОБЩЕЙ ОБРАБОТКИ
Данные общей обработки 20070608d2007 |||y0rusy50 ca
101 0# - ЯЗЫК РЕСУРСА
Язык текста, звукозаписи и т.д. русский
102 ## - СТРАНА ПУБЛИКАЦИИ ИЛИ ПРОИЗВОДСТВА
Страна публикации Российская Федерация
105 ## - ПОЛЕ КОДИРОВАННЫХ ДАННЫХ: ТЕКСТОВЫЕ МАТЕРИАЛЫ, МОНОГРАФИЧЕСКИЕ
Кодированные данные о монографическом текстовом документе ac |||||||||
200 0# - ЗАГЛАВИЕ И СВЕДЕНИЯ ОБ ОТВЕТСТВЕННОСТИ
Основное заглавие Вып. 4
Сведения, относящиеся к заглавию творческие работы участников Национальной образовательной программы "Интеллектуально-творческий потенциал России": по итогам проектов: Всероссийская открытая конференция учащихся "Юность. Наука. Культура", Литературно-творческий конкурс "Восхождение к образу", Литературно-философский конкурс "Озарение", Творческий конкурс "Мои любимые книги"
210 ## - ПУБЛИКАЦИЯ, РАСПРОСТРАНЕНИЕ И ДР.
Дата издания, распространения и т.д. 2007
Место издания, распространения и т.д. Б. м.
215 ## - ФИЗИЧЕСКАЯ ХАРАКТЕРИСТИКА
Специфическое обозначение материала и объем 463 с.
Другие сведения о физической характеристике ил., цв. ил., портр.
300 ## - ОБЩИЕ ПРИМЕЧАНИЯ
Текст примечания В надзаг.: Интеллект будущего, Творческие работы участников Национальной образовательной программы "Интеллектуально-творческий потенциал России"
461 #0 - УРОВЕНЬ НАБОРА
Встроенное поле 001RU\NLR\bibl\870846
-- 2001#$aОбнинский полис$vВып. 4
Системный номер (АБИС) связанной записи 1530674
Место публикации Калуга
Дата публикации 2005
Первые сведения об ответственности [авт.-сост. Анатолий Семенович Романов]
Имя издателя, распространителя и т.д. Золотая аллея
Сведения, относящиеся к заглавию творческие работы участников общероссийской конференции "Юность-наука-культура"
Заглавие Обнинский полис
Номер тома Вып. 4
711 02 - НАИМЕНОВАНИЕ ОРГАНИЗАЦИИ - АЛЬТЕРНАТИВНАЯ ОТВЕТСТВЕННОСТЬ
Начальный элемент ввода "Интеллектуально-творческий потенциал России", национальная образовательная программа
Системный номер авторитетной/нормативной записи 750282
Идентификатор авторитетной/нормативной записи RU\NLR\AUTH\8810126469
801 #0 - ИСТОЧНИК ЗАПИСИ
Страна Российская Федерация
Организация NLR
Дата составления 20070608
Правила каталогизации RCR
801 #1 - ИСТОЧНИК ЗАПИСИ
Страна Российская Федерация
Организация NLR
Дата составления 20070608
942 ## - ДОПОЛНИТЕЛЬНЫЕ ЭЛЕМЕНТЫ ЗАПИСИ (АБИС)
Тип экземпляра АБИС Книга
980 ## - КОЛЛЕКЦИЯ
Название коллекции Национальная библиография
Экземпляры
Тип экземпляра Дата поступления Источник поступления Библиотека постоянного хранения Библиотека текущего хранения Место хранения Шифр хранения Штрих-код Статус экземпляра
Книга 08.06.2007 Обязательный экземпляр РНБ (Московский) РНБ (Московский) Русский книжный фонд: издания с 1957 года 2002-3/18877 2451163  
Книга 08.06.2007 Обязательный экземпляр РНБ (Московский) РНБ (Московский) Русский книжный фонд: издания с 1957 года 2002-3/18877 2451164